| 000 | 00884na a2200289 4500 | ||
|---|---|---|---|
| 001 | 13030 | ||
| 003 | MIRAKIL | ||
| 005 | 20181213155007.0 | ||
| 008 | 160930b tu 000 0 | ||
| 020 | _a9754730547 | ||
| 035 | _a13030 | ||
| 040 |
_aMilas _btur _cTR-AnCHP |
||
| 041 | _atur | ||
| 082 |
_a322.4209561 _bK66t 1992 |
||
| 090 | _a322.4209561 K66t 1992 | ||
| 100 |
_aKoru, Fehmi _d1950- |
||
| 245 |
_aTerör ve Güneydoğu sorunu _cFehmi Koru |
||
| 260 |
_aİstanbul _bBeyan Yayınları _c1992 |
||
| 300 |
_a238 s. _c20 sm. |
||
| 490 |
_aBeyan Yayınları _v166 |
||
| 650 |
_aGüneydoğu sorunu _xMakaleler _zTürkiye |
||
| 650 |
_aTerörizm _xMakaleler _zTürkiye |
||
| 650 |
_aSiyasal eylem grupları _xYıkıcı faaliyetler _yMakaleler _zTürkiye |
||
| 651 |
_aTürkiye _xSiyaset ve yönetim _y1980- |
||
| 651 |
_aTürkiye _xEtnik ilişkiler _y1980- |
||
| 942 |
_2ddc _cBKS |
||
| 999 |
_c4488 _d4488 |
||